L'appartenenza confessionale: contributo allo studio delle persone fisiche nel diritto ecclesiastico italiano

I tiakina i:
Ngā taipitopito rārangi puna kōrero
Kaituhi matua: Mirabelli, Cesare (autor)
Hōputu: Pukapuka
Reo:Pāniora
I whakaputaina: Padua Cedam 1975
Rangatū:Serie Terza, 28
Ngā marau:
Ngā Tūtohu: Tāpirihia he Tūtohu
Kāore He Tūtohu, Me noho koe te mea tuatahi ki te tūtohu i tēnei pūkete!

MARC

LEADER 00000nam a2200000 a 4500
001 UCL4813
003 CL-VaPUC
008 040227e19750000IT |||||||||||||||||spa|d
082 0 4 |a 262.9  |b MIR  |2 21 
100 |a Mirabelli, Cesare  |e autor  |9 482468 
245 1 2 |a L'appartenenza confessionale: contributo allo studio delle persone fisiche nel diritto ecclesiastico italiano 
300 |a 377 p 
942 |c BK 
945 |d 20040227 00:00:00  |a cmena 
260 |a Padua  |b Cedam  |c 1975 
650 0 |a Derecho eclesiástico  |9 255055 
650 0 |a Estado y religión   |9 393270 
650 7 |a LIBERTAD RELIGIOSA  |2 CL-VaPUC  |9 482469 
583 |a last modification  |c 20040227 00:00:00  |k Rodrigo Vera 
490 0 |a Serie Terza, 28 
999 |c 307576  |d 307574 
952 |0 0  |1 0  |4 0  |6 262_900000000000000_MIR_1975  |7 0  |8 A  |9 373604  |a BIBDER  |b BIBDER  |d 2019-11-21  |i 3927636  |o 262.9 MIR 1975  |p 3927636  |r 2023-01-25  |w 2019-11-21  |y BK  |k DER